Score 0/20 Timer 04:00
8 Plays Today
% Correct
Spider-Man
99.2%
Batman
99%
Wonder Woman
98.9%
Superman
98.3%
Hulk
98.2%
Captain America
96.9%
The Flash
95.5%
Thor
94.6%
The Green Lantern
94.4%
Robin
94.3%
% Correct
Catwoman
93.6%
Iron Man
93.2%
Wolverine
87.9%
Hellboy
73.9%
Ant-man
66.4%
Mr. Fantastic
63.9%
Black Widow
62.5%
Cyborg
53.6%
Aquaman
42.7%
Blade
35.7%

You're not logged in!

Compare scores with friends on all Sporcle quizzes.
OR
Log In

Sporcle TV

Today on Sporcle TV


Watch our educational content, quiz creation guides, and fun videos on Sporcle TV.

Show Comments

Extras

Top Quizzes Today


Score Distribution

Your Account Isn't Verified!

In order to create a playlist on Sporcle, you need to verify the email address you used during registration. Go to your Sporcle Settings to finish the process.

Report this User

Report this user for behavior that violates our Community Guidelines.

Details: